Uruguay en la nueva ola de las izquierdas latinoamericanas /
Este artículo señala como la llegada por primera vez de la izquierda al gobierno de Uruguay es un acontecimiento histórico. Este fenómeno responde a ciertos factores ideológicos y políticos nacionales muy específicos y conjuga las expectativas de una ciudadanía esperanzada, ansiosa de cambios, con a...
Gespeichert in:
| 1. Verfasser: | |
|---|---|
| Format: | Text |
| Schlagworte: | |
| Tags: |
Tag hinzufügen
Keine Tags, Fügen Sie den ersten Tag hinzu!
|
MARC
| LEADER | 00000 a a2200000 04500 | ||
|---|---|---|---|
| 001 | 10771 | ||
| 003 | |||
| 040 | |||
| 100 | |a Arocena, Rodrigo | ||
| 245 | |a Uruguay en la nueva ola de las izquierdas latinoamericanas / |c Rodrigo Arocena | ||
| 500 | |a Resumen también en inglés en pp | ||
| 520 | |a Este artículo señala como la llegada por primera vez de la izquierda al gobierno de Uruguay es un acontecimiento histórico. Este fenómeno responde a ciertos factores ideológicos y políticos nacionales muy específicos y conjuga las expectativas de una ciudadanía esperanzada, ansiosa de cambios, con algunos factores coyunturales de alcance regional e incluso mundial. Es por eso que el autor plantea que la victoria del Frente Amplio y de Tabaré Vázquez sigue una tendencia latinoamericana que suscita preguntas inquietantes | ||
| 650 | |a GOBIERNO | ||
| 650 | |a PARTIDOS POLITICOS | ||
| 650 | |a NEOLIBERALISMO | ||
| 650 | |a OPOSICION POLITICA | ||
| 773 | |g número 197; páginas 146-158 | ||
| 999 | |c 38803 |d 38803 | ||
